| 000 | 00473nam a22001697a 4500 | ||
|---|---|---|---|
| 005 | 20240829075209.0 | ||
| 008 | 240829b |||||||| |||| 00| 0 eng d | ||
| 041 | _aEnglish | ||
| 082 | _a349 LAW | ||
| 100 | _lEnglish | ||
| 245 | _aHalsbury's Laws of England | ||
| 250 | _aThird Edition | ||
| 260 |
_aLondon: _bButterworth and Company Ltd, _c1954 |
||
| 300 |
_b6 pages; _c26 cm. |
||
| 650 |
_aLegal practice _bLaw |
||
| 942 |
_cBK _6ALISON_BN_VRIES |
||
| 999 |
_c2933 _d2933 |
||